مكتبة جامعة عجلون الوطنية

فهرس بحث المكتبة

Normal view MARC view
  • شرقي الاردن اقتصاد- القرن التاسع عشر ومنتصف العشرين-تاريخ

Entry Topical Term

Number of records used in: 1

001 - CONTROL NUMBER

  • control field: 48115

003 - CONTROL NUMBER IDENTIFIER

  • control field: JO-AjAnu

005 - DATE AND TIME OF LATEST TRANSACTION

  • control field: 20230606081934.0

008 - FIXED-LENGTH DATA ELEMENTS

  • fixed length control field: 230606|| aca||aabn | a|a d

040 ## - CATALOGING SOURCE

  • Original cataloging agency: JO-AjAnu
  • Transcribing agency: JO-AjAnu

150 ## - HEADING--TOPICAL TERM

  • Topical term or geographic name entry element: شرقي الاردن اقتصاد- القرن التاسع عشر ومنتصف العشرين-تاريخ

670 ## - SOURCE DATA FOUND

  • Source citation: Work cat.: (JO-AjAnu)24617: أبو جابر، رؤوف, author 48114, تاريخ شرقي الأردن واقتصادة خلال القرن التاسع عشر ومنتصف العشرين